000 00888nam a22002297a 4500
001 36710
003 BD-RjUL
005 20211209052526.0
008 140820s1989 ii ||||| b||| 00| 0 ben d
020 _a81-7074-049-5
035 _a(BD-RjUL) 36811
040 _aBD-RjUL
_bben
_cBD-RjUL
041 _aben
082 _a294.55409
_bSAB 1989
_223
100 _aসাব্যাল,হিতেশরঞ্জন
_9111958
245 1 0 _aবাঙ্গলা কীর্তনের ইতিহাস
_cহিতেশরঞ্জন সান্যাল
260 _aকলকাতা :
_bকে পি বাগচী অ্যাণ্ড কোম্পানী,
_c১৯৮৯
300 _aix,২৬০পৃ. :
_bচিত্র ;
_c২২ সেমি.
650 _aকীর্তন
_vইতিহাস
_9111959
650 _aSong
_vHistroy
_9111960
942 _2ddc
_cBK
_08
999 _c36710
_d36710